Variační metody v inženýrských problémoch a v problémech matematické fyziky

Gespeichert in:
Bibliographische Detailangaben
1. Verfasser: Rektorys, Karel
Format: Buch
Sprache:Tschechisch
Veröffentlicht: Praha Academia 1999
Ausgabe:Vyd. 6., opr. české 2
Schlagworte:
Online-Zugang:Im OPAC anzeigen
Tags: Tag hinzufügen
Keine Tags, Fügen Sie das erste Tag hinzu!

MARC

LEADER 00000nam a2200000 a 4500
005 20260127134152.0
008 080916 2008 xr 000 0 cze d
020 |a 8020007148 
035 |a vtls009334612 
039 9 |y 200809160941  |z mschk03 
040 |a STUSCHK1  |b slo  |c STUSCHK1  |e AACR2 
080 |a 517.972.5 
080 |a (035) 
100 1 |a Rektorys, Karel 
245 1 |a Variační metody v inženýrských problémoch a v problémech matematické fyziky  |c Karel Rektorys 
250 |a Vyd. 6., opr. české 2 
260 |a Praha  |b Academia  |c 1999 
300 |a 602 s.  |b il.  |c 24 cm 
650 0 |a variační metody 
910 |a SCHK95 
919 |a 80-200-0714-8 
999 |c 5723  |d 5723